000 01243nam a2200265Ia 4500
999 _c51505
_d51505
001 18494
003 GE_BSU
005 20220411123250.0
008 181216s2011||||ge |||||||||||||| ||geo||
020 _a9789941180620
040 _cGE_BSU
041 _ageo
080 _a73/76(072)+745/749 კ-36
100 _aკახიანი, დალი
_913663
245 _aსახვითი და გამოყენებითი ხელოვნება დაწყებით კლასებში /
_cდალი კახიანი ; [რედ. ლაურა ბეზარაშვილი].
264 _aთბილისი :
_bილიას სახელმწ. უნ-ტი,
_c2011.
300 _a308 გვ. :
_bილ,;
_c 20 სმ.
500 _aმოკლე განმარტ. ლექსიკონი: გვ. 285-293. რეკომენდ. ლიტ.: გვ. 294.
501 _aილ.: გვ. 295-308.
541 _h7ლ.35თ
653 _aხელოვნება
653 _aგამოყენებითი ხელოვნება
700 _aბეზარაშვილი, ლაურა
_eრედაქტორი
_913664
942 _cBK
_2udc